| 000 | 00893nam a2200289 a 4500 | ||
|---|---|---|---|
| 008 | |||
| 020 | _a9780123979285 (paperback) | ||
| 040 |
_aNUST _cNUST |
||
| 049 | _aMAIN | ||
| 090 |
_aRB127 _bPLA |
||
| 245 | 1 | 0 |
_aPlacebo and Pain: _bfrom ench to bedside / _cCollola Luana, Flaten Magne Arve and Meissner Karin |
| 260 |
_aUnited Kingdom : _bElsevier, _c2013 |
||
| 300 |
_axii, 292 pages : _billustrations ; _c28 cm |
||
| 336 |
_atext _btxt _2rdacontent |
||
| 337 |
_aunmediated _bn _2rdamedia |
||
| 338 |
_avolume _bnc _2rdacarrier |
||
| 500 | _aIncludes index. | ||
| 650 | _aMolecular Mechanisms. | ||
| 650 | 1 | _aPlacebo. | |
| 700 | _aMeissner, Karin. | ||
| 700 | _aFlaten, Magne Arve. | ||
| 700 | _aCollola, Luana. | ||
| 907 |
_a.b10411318 _b18-02-22 _c20-10-21 |
||
| 003 | |||
| 005 | 20230120204329.0 | ||
| 942 |
_cBOOKS _kRB127 _mPLA |
||
| 999 |
_c121317 _d121317 |
||